1754 1398 1887 1254 1322 1159 1707 1579 1751 1827 1400 1842 1285 1585 1207 1312 1337 1776 1217 1063 1601 1648 1222 1883 1460 1919 1099 1516 1055 1898 1072 1223 1920 1633 1029 1676 1920 1938 1552 1115 1529 1873 1795 1013 1488 1113 1120 1971 1336 1177 1300 1996 1177 1362 1753 1741 1512 1911 1001 1157 1835 1050 1608 1996 1625 1308 1026 1145 1236 1933 1986 1271 1286 1805 1104 1777 1232 1895 1849 1784 1063 1399 1396 1293 1052 1622 1899 1535 1073 1471 1301 1118 1074 1374 1905 1397 1250 1057 1341 BCNSPRNW ULIB Ver.6.0+V

เปลี่ยนเป็นภาษาไทย

Change to English
 แสดงรายละเอียดบรรณานุกรม
  กลับหน้าหลัก

Brief Record : Get Marc (ISO 2709) : E-mail record : QR code < ปิดหน้าต่าง
LEADER : 00000nam 2200000uu 4500
001    13399121438
003     ULIB
008    121119s2551||||th 000 0 tha d
020    ^a9789748478890
090    ^aนว.^bป164ห
100 0  ^aปภาฐิตา
245 00 ^aหลากหัวใจในสายลมรัก/^cปภาฐิตา
250    ^aพิมพ์ครั้งที่ 1
260    ^aกรุงเทพฯ :^bไฟน์บุ๊ค,^c2551
300    ^a228 หน้า
710 1  ^aไฟน์บุ๊ค
945    ^p160^l0^i14055
995    ^aทศพร
999    ^aทศพร เกษรทอง
รายการนี้ยังไม่มีแท็ก
คุณยังไม่ได้ล็อกอิน คุณสามารถมีกิจกรรมร่วมกับเว็บไซต์ได้ แต่ต้องล็อกอินก่อน ::
  ล็อกอิน

รายการสื่อสารสนเทศ

ลำดับที่ ประเภท เลขเรียก/บาร์โค้ด สถานที่ สถานะ
1. นวนิยาย
นวนิยาย
นว. ป164ห ฉ.1 
  Barcode: 14055
ห้องสมุดวิทยาเขตสวรรค์ประชารักษ์
►นวนิยาย
บนชั้น
  ขอยืม

BibComment


ยังไม่เคยถูกคอมเมนท์

คอมเมนท์ทรัพยากรรายการนี้
  คอมเมนท์: หลากหัวใจในสายลม..


 Copyright 2026. Bcnsprnw @Library